banner koha

Resíduo úmido de cervejaria na terminação de cordeiros em confinamento e seus efeitos sobre as características da carcaça e dos componentes não carcaça (Registro n. 330711)

MARC details
000 -LÍDER
fixed length control field 05373nab a2200421 i 4500
003 - CÓDIGO MARC DA AGÊNCIA CATALOGADORA
Campo de controle BR-BrBNA
005 - DATA E HORA DA ÚLTIMA ATUALIZAÇÃO
Campo de controle 20250327145759.0
008 - CAMPO DE TAMANHO FIXO
fixed length control field 250327b2017 bl.|r|pooa||| 00| 0 por |
040 ## - FONTE DA CATALOGAÇÃO
Agência catalogadora BR-BrBNA
Idioma da catalogação por
072 ## - CATEGORIA AGRIS
Código AGRIS L01
Código do objeto 5240
072 ## - CATEGORIA AGRIS
Código AGRIS L02
072 ## - CATEGORIA AGRIS
Código AGRIS Q70
100 ## - ENTRADA PRINCIPAL - NOME PESSOAL
Nome pessoal Carvalho, S.
100 ## - ENTRADA PRINCIPAL - NOME PESSOAL
Nome pessoal Frasson, M.F.
100 ## - ENTRADA PRINCIPAL - NOME PESSOAL
Nome pessoal Simões, F.S.B.
100 ## - ENTRADA PRINCIPAL - NOME PESSOAL
Nome pessoal Bernardes, G.M.C.
100 ## - ENTRADA PRINCIPAL - NOME PESSOAL
Nome pessoal Simões, R.R.
100 ## - ENTRADA PRINCIPAL - NOME PESSOAL
Nome pessoal Griebler, L.
100 ## - ENTRADA PRINCIPAL - NOME PESSOAL
Nome pessoal Pellegrin, A.C.R.S.
100 ## - ENTRADA PRINCIPAL - NOME PESSOAL
Nome pessoal Menegon, A.M.
100 ## - ENTRADA PRINCIPAL - NOME PESSOAL
Nome pessoal Deponti, .S.
100 ## - ENTRADA PRINCIPAL - NOME PESSOAL
Nome pessoal Severo, M.M.
100 ## - ENTRADA PRINCIPAL - NOME PESSOAL
Nome pessoal Mello, V.L.
245 ## - TÍTULO PRINCIPAL
Título principal Resíduo úmido de cervejaria na terminação de cordeiros em confinamento e seus efeitos sobre as características da carcaça e dos componentes não carcaça
500 ## - NOTA GERAL
Nota geral <br/>Publicação online; 19 ref.; 6 tables; Summaries (En, Pt)
942 ## - ADDED ENTRY ELEMENTS (KOHA)
Koha item type Analítica
520 ## - NOTA DE RESUMO
Nota de conteúdo <br/><br/><br/>RESUMO - O objetivo deste trabalho foi avaliar o efeito de níveis crescentes de substituição da silagem de sorgo por resíduo úmido de cervejaria sobre as características da carcaça e dos componentes não carcaça de cordeiros terminados em confinamento. Foram utilizados 24 cordeiros machos, não castrados, oriundos de parto simples e mantidos em baias individuais. Os tratamentos foram constituídos por quatro níveis de substituição de silagem de sorgo por resíduo úmido de cervejaria, sendo: 0%; 33,5%; 66,5% e 100% de substituição. Utilizou-se uma relação volumoso:concentrado de 50:50, com base na matéria seca. O concentrado era constituído por milho desintegrado, farelo de soja e mistura mineral. As dietas eram isoproteicas, contendo 18,81% de proteína bruta. Os cordeiros foram abatidos quando atingiram o escore de condição corporal estabelecido em 3 (escala de 1 a 5). As características de carcaça analisadas não foram influenciadas significativamente (P>0,05) pela substituição de silagem de sorgo por resíduo úmido de cervejaria, sendo obtidos valores médios de 18,92kg para peso de carcaça quente, 18,22 kg para peso de carcaça fria, 47,03% para rendimento de carcaça quente, 45,29% para rendimento de carcaça fria e<br/>3,41% para índice de quebra ao resfriamento. Quanto às proporções dos diferentes cortes comerciais avaliados, em relação ao peso de carcaça fria, foram verificados valores médios de 31,86% para perna, 18,12% para paleta, 39,46% para costilhar e 9,08% para pescoço. As proporções de diafragma, omaso cheio e omaso vazio, em relação ao peso vivo ao abate dos cordeiros, diminuíram linearmente (P≤0,05). As demais variáveis dos componentes não carcaça avaliadas não foram influenciadas (P>0,05) pelos níveis de resíduo úmido de cervejaria das dietas. Pode-se recomendar o uso de resíduo úmido de cervejaria como fonte exclusiva de alimento volumoso quando se utiliza uma relação volumoso:concentrado de 50:50, em base de matéria seca, para terminação de cordeiros em sistema de confinamento.<br/><br/><br/>Palavras-chave: carne ovina, rendimento, resíduos agroindustriais, volumoso
520 ## - NOTA DE RESUMO
Nota de conteúdo <br/><br/><br/>ABSTRACT - The objective of this study was to evaluate the effect of increasing levels of substitution of sorghum silage by wet brewery residue as forage food on carcass characteristics and non-carcass components of lambs finished in feedlot. Twenty four non castrated male lambs, Suffolk breed, single birth were maintained in individual stalls. The treatments consisted of four substitution levels of sorghum silage by wet brewery residue (0%; 33.5%; 66.5% or 100% of substitution). Roughage and concentrate were used at a 50:50 ratio, based on dry matter. The concentrate was composed of ground corn, soybean meal and mineral mixture. The diets were isoproteic containing 18.81% crude protein. The lambs were slaughtered when they reached the body condition score of 3 (ranging from 1 to 5). The carcass traits were not affected significantly (P>0,05) by substitution of sorghum silage by wet brewery residue. The average values of hot carcass weight, cold carcass weight, hot carcass yield, cold carcass yield and cooling weight losses were 18.92 kg, 18.22 kg, 47.03%, 45.29%, 3.41%, respectively. The proportion of commercial cuts in relation to the cold carcass weight, was 31.86% for leg, 18.12% for shoulder, 39.46% for ribs and 9.08%<br/>for neck. The proportion of diaphragm, omasum full and empty omasum in relation to body weight at slaughter decreased linearly (P≤0.05). The remaining variables of non-carcass components were not affected (P>0.05) by wet brewery residue inclusion. We recommend the use of wet brewery residue as exclusive source of roughage food when using roughage:concentrate at 50:50 ratio on a dry matter basis, for finishing feedlot lambs.<br/><br/><br/>Keywords: meat lamb, yield, agroindustrial residues, roughage
650 ## - ASSUNTO - THESAGRO
Cabeçalho tópico ou nome geográfico CORDEIRO
650 ## - ASSUNTO - THESAGRO
Cabeçalho tópico ou nome geográfico CONFINAMENTO
650 ## - ASSUNTO - THESAGRO
Cabeçalho tópico ou nome geográfico RESÍDUO
650 ## - ASSUNTO - THESAGRO
Cabeçalho tópico ou nome geográfico SUPLEMENTO ALIMENTAR
650 ## - ASSUNTO - THESAGRO
Cabeçalho tópico ou nome geográfico CARNE
650 ## - ASSUNTO - THESAGRO
Cabeçalho tópico ou nome geográfico RENDIMENTO
773 0# - ENTRADA ANALÍTICA
Host Biblionumber 1643
Registro do item 349324
Imprenta Belo Horizonte-MG Universidade Federal de Minas Gerais - Escola de Veterinaria 1983
Outro identificador 2025-1843
Título Arquivo Brasileiro de Medicina Veterinária e Zootecnia (Brazil)
ISSN 0102-0935
Colação v. 69(3) p. 742-750; (2017)
Número de controle de registro BR2025000402
856 ## - ACESSO E ENDEREÇO ELETRÔNICO
Identificador uniforme de recurso - URI https://www.scielo.br/j/abmvz/a/mWDCP6rRQsvGzjftN8dWkyh/?format=pdf&lang=pt

Nenhum exemplar disponível.

BINAGRI

Telefone: (61)3218-2567/2388/3357/2097 - binagri@agro.gov.br

Ministério da Agricultura e Pecuária , Esplanada dos Ministérios, Bloco D, Anexo B, Brasília/DF, CEP: 70.043-900